000 00947 a2200229 4500
001 14646
005 20260407155448.0
008 260407a2009 arg spa d
003 AR-UNSa-BCEJYS
040 _aAR-UNSa-BCEJYS
_bspa
_cAR-UNSa-BCEJYS
080 _a316.7
_xSociología de la cultura. contexto cultural de la vida social (posmodernidad)
245 1 0 _aPosmodernidad
020 _a978-950-786-221-2
250 _a4a. ed.
264 1 _aBuenos Aires :
_bBiblos
_c2009
300 _a155 p.
_c22 cm.
505 _a1. Qué es la posmodernidad? - 2. Posestética - 3. La posciencia - 4. La posética - 5. Posmodernidad y vida cotidiana - 6. La posfilosofía - 7. La posmodernidad y el desarraigo de Eros - 8. La postsexualidad
942 _cBK
590 _aniveau_biblio:m niveau_hierar:0
100 1 _aDíaz, Esther
856 4 1 _uhttps://biblioeco.unsa.edu.ar/pmb/images/libros/Posmodernidad2-l118946.jpg
_yImagen de portada
_qimage/jpeg
999 _c591
_d591